header

Different minds (Record no. 54648)

MARC details
000 -LEADER
fixed length control field 01750nam a22003374a 4500
082 04 - DEWEY DECIMAL CLASSIFICATION NUMBER
Classification number 618.92/8589
100 1# - MAIN ENTRY--AUTHOR NAME
Personal name Lovecky, Deirdre V.,
245 10 - TITLE STATEMENT
Title Different minds
260 ## - PUBLICATION, DISTRIBUTION, ETC. (IMPRINT)
Place of publication London ;
-- Philadelphia :
Name of publisher Jessica Kingsley Publishers,
Year of publication 2004.
300 ## - PHYSICAL DESCRIPTION
Number of Pages 525 p.
505 0# - FORMATTED CONTENTS NOTE
Formatted contents note The gifted child -- Attention deficits part I: attention deficit / hyperactivity disorder -- Attention deficits part II: asperger syndrome -- Cognitive issues: how those with a different mind think -- Finding flow: the wellspring of creative endeavor -- Emotional intelligence and emotional giftedness -- Social cognition and interpersonal relationships -- Moral development: moral reasoning and compassion.
650 #0 - SUBJECT ADDED ENTRY--TOPICAL TERM
Topical Term Asperger's syndrome.
Topical Term Attention-deficit hyperactivity disorder.
Topical Term Gifted children
856 40 - ELECTRONIC LOCATION AND ACCESS
Uniform Resource Identifier http://site.ebrary.com/lib/rucke/Doc?id=10082292

No items available.

© 2026 Rongo University
Contact us: librarian | system librarian | Rongo university